000 00993nam0a2200313 i 4500
001 RU\NLR\BIBL_A\010533663
005 20240921130258.0
010 _a9785170865130
_92000
021 _aRU
_b2014-69375
_94253
035 _a(NILC)RuMoRGB-007552434
035 _a(NLR Aleph) 010533663
090 _a10267817
_c10267817
100 _a20141118d2014 um y0rusy50 ca
101 1 _arus
_cger
102 _aRU
105 _ay z 000ay
200 1 _aОтпуск с папой
_e[роман]
_fДора Хельдт
_g[пер. с нем. В. В. Агафоновой]
210 _aМосква
_cАСТ
_d2014
215 _a381 с.
_d21
225 1 _aСерия "Сенсация"
333 _a16+
686 1 _aШ6(4Ф)67-440.4(ЛХ1359-50)
700 1 _7ca
_8rus
_aХельдт
_bД.
_f1961-
_gДора
_9179274
_3RU\NLR\AUTH\770179325
801 0 _aRU
_bРГБ
_c20140915
_gRCR
942 _cBOOK
980 _aNBR